Statistics for Every Formula 1 Constructor EVER

Click here to take the quiz!

General Stats

  • This quiz has been taken 3,558 times
    (1,238 since last reset)
  • The average score is 38 of 138

Answer Stats

Seasons Races Constructor % Correct
1950-present986Ferrari
99%
19651RE
99%
1966-present860McLaren
97%
1954-1955, 2010-present203Mercedes
97%
1978-present713Williams
95%
2005-present280Red Bull Racing
94%
1977-1985, 2002-2011, 2016-present379Renault
94%
1950-1951, 1979-1985, 2019-present124Alfa Romeo
89%
2006-present261Scuderia Toro Rosso
89%
2008-2018172Force India
88%
1993-present425Sauber
86%
1958-1994493Lotus
86%
2016-present76Haas
79%
1964-1968, 2006-200899Honda
78%
2019-present14Racing Point
75%
1991-2005250Jordan
71%
1962-1987, 1989-1992402Brabham
70%
1985-2005346Minardi
69%
1986-2001260Benetton
69%
200917Brawn
69%
2002-2009140Toyota
66%
2000-200485Jaguar
65%
1999-2005118BAR (British American Racing)
58%
1970-1998433Tyrrell
57%
2012-201456Caterham
57%
2012-201574Marussia
56%
1997-200183Prost
55%
1997-199949Stewart
53%
2010-201256HRT
52%
1978-2002393Arrows
51%
200717Spyker
50%
1976-1996330Ligier
44%
2010-201138Virgin
44%
201621Manor
43%
1950-196073Maserati
42%
1962-1963, 1967-1968, 1974-1975,1985-1991, 1997152Lola
41%
1951, 1956-1977208BRM (British Racing Motors)
41%
1957-196435Porsche
41%
2006-200839Super Aguri
38%
199116Lambo (Modena Team)
34%
1950, 1952-1969129Cooper
34%
1975-1982120Fittipaldi (Copersucar)
33%
1959-19606Aston Martin
33%
1981-198570Toleman
33%
200618Midland
32%
1970-1978, 1981-1982, 1987-1989, 1992208March
32%
1967-197261Matra
29%
1977-197948Wolf
25%
1974-197860Hesketh
25%
19929Andrea Moda
23%
1994-199521Simtek
23%
1954-196029Vanwall
22%
1974-197741Penske
22%
1995-199627Forti
22%
1990-199132Leyton House
20%
1985-198974Zakspeed
20%
1994-199533Pacific
20%
1988-199280Dallara
20%
1973-1980112Shadow
19%
1977-1984107ATS (Auto Technisches Spezialzubehör)
18%
19635ATS (Automobili Turismo e Sport)
18%
1970-1978119Surtees
17%
1954-19554Lancia
17%
1980-1990172Osella
16%
1986-199180AGS (Automobiles Gonfaronnaises Sportives)
16%
1993-199432Larrousse
16%
19561Bugatti
16%
1987-199165Coloni
16%
197512Hill
16%
199014Life
14%
1989-199026Onyx
13%
1988-199046EuroBrun
12%
1973-1982134Ensign
12%
1966-196926Eagle (Anglo American Racers)
11%
1991-199228Fondmetal
10%
1988-198932Rial
9%
1983-198544RAM
9%
1978, 1981-198351Theodore
8%
19744Amon
8%
1978-197931Merzario
7%
1961-1963, 197015De Tomaso
7%
19787Martini
7%
1983-198525Spirit
7%
1974-19768Maki
7%
199216Venturi
7%
1952-195633Gordini
7%
1952-195918Connaught
6%
1976-19772Kojima
6%
1970-19716Bellasi
5%
1950-19527ERA (English Racing Automobiles)
5%
1974-197616Parnelli
5%
1950-19525Alta
5%
19591Kurtis
5%
19775LEC
5%
1951-1953, 19587OSCA (Officine Specializate Costruzione Automobili)
4%
19722Connew
4%
1962-1963, 1965, 1967-19685LDS
4%
19771Apollon
4%
1951-19536Veritas
4%
19748Trojan
4%
19792Kauhsen
4%
1976-19778Boro
4%
19743Token
4%
1972-197313Tecno
4%
1950-195113Talbot-Lago
4%
1963-196413BRP (British Racing Partnership)
4%
1951-195516HWM (Hersham and Walton Motors)
4%
1974-19752Lyncar
4%
1952-19534AFM (Alex von Falkenhausen Motorenbau)
4%
19793Rebaque
4%
19611Ferguson
4%
19728Eifelland
4%
19591Fry
4%
1972-197661Frank WIlliams Racing Cars
4%
19541Klenk
3%
19621ENB (Ecurie Nationale Belge)
3%
19531EMW (Eisenacher Motorenwerk)
3%
1956, 1961-19626Emeryson
3%
19551Arzani-Volpini
3%
19534Aston Butterworth
3%
19771McGuire
3%
1959-19616JBW
3%
19605Scarab
3%
19591Tec-Mec
3%
19521Cisitalia
3%
19501Milano
3%
1961-19636Gilby
3%
1950-195315Simca-Gordini
3%
19524Frazer-Nash
2%
1963-19651De Klerk
2%
19604Behra-Porsche
2%
19641Derrington-Francis
2%
19631Stebro
2%
19661Shannon
2%
1963-19647Scirocco
2%
19521Greifzu
1%

Score Distribution

Percentile by Number Answered

Percent of People with Each Score

Your Score History

You have not taken this quiz since the last reset